[Event "2 Bundesliga Mitte 2006/2007"]
[Site "St Veit"]
[Date "2007.01.26"]
[Round "5"]
[Board "1"]
[White "Kaspret, Guido"]
[Black "Vajda, Levente"]
[Result "0-1"]
[WhiteElo "2325"]
[BlackElo "2524"]
[PlyCount "66"]
[EventDate "2006.10.28"]
[EventType "team"]
[EventRounds "11"]
[EventCountry "AUT"]
[WhiteTeam "Maria Saal"]
[BlackTeam "ZH Technologies Wolfsberg"]

1.d4 g6 2.e4 Bg7 3.c4 d6 4.Nc3 Nd7 5.Be3 e5 6.Nge2 Ngf6 7.f3 O-O 8.Qd2 a5 9.d5
Nc5 10.g4 Bxg4 11.fxg4 Nfxe4 12.Nxe4 Nxe4 13.Qc2 Qh4+ 14.Ng3 f5 15.Qg2 Nf6
16.gxf5 Ng4 17.Bd2 e4 18.Qh3 Qf6 19.Qxg4 Qxb2 20.Rd1 e3 21.Bxe3 Rae8 22.Qe2 Qb4+
23.Kf2 gxf5 24.Qd2 Bc3 25.Qc1 Bb2 26.Qd2 Bc3 27.Qc1 Bb2 28.Qc2 f4 29.Bxf4 Rxf4+
30.Kg2 Bd4 31.Rd2 Ref8 32.Be2 Be3 33.Rd3 Rxc4

[Event "2 Bundesliga Mitte 2006/2007"]
[Site "St Veit"]
[Date "2007.01.26"]
[Round "5"]
[Board "2"]
[White "Vajda, Albert"]
[Black "Horvath, Gabor"]
[Result "1-0"]
[WhiteElo "2478"]
[BlackElo "2273"]
[PlyCount "91"]
[EventDate "2006.10.28"]
[EventType "team"]
[EventRounds "11"]
[EventCountry "AUT"]
[WhiteTeam "ZH Technologies Wolfsberg"]
[BlackTeam "Maria Saal"]

1.d4 Nf6 2.Nf3 g6 3.c4 Bg7 4.Nc3 O-O 5.e4 d6 6.Be2 e5 7.O-O Nc6 8.d5 Ne7 9.b4
Nh5 10.Re1 a5 11.bxa5 Rxa5 12.a4 c5 13.dxc6 bxc6 14.Nd2 Nf4 15.Nb3 Ra8 16.Bf1
Ne6 17.c5 d5 18.Ra2 f5 19.f3 Kh8 20.Kh1 Rb8 21.Rd2 d4 22.Na2 fxe4 23.fxe4 Nf4
24.Rb2 Be6 25.Bd2 Qd7 26.Nb4 Ng8 27.Na5 Ne7 28.Nc4 Bxc4 29.Bxc4 Qa7 30.Qc1 Qd7
31.Bf1 Ra8 32.Qd1 g5 33.g3 Ne6 34.Bh3 Ng6 35.Qb3 Rae8 36.Bxg5 Qf7 37.Rf1 Qg8
38.Bd2 Rxf1+ 39.Bxf1 Qf8 40.Bg2 Nxc5 41.Qc2 Re6 42.a5 Rf6 43.Rb1 Rf2 44.a6 Nxe4
45.Qxe4 Rxd2 46.a7

[Event "2 Bundesliga Mitte 2006/2007"]
[Site "St Veit"]
[Date "2007.01.26"]
[Round "5"]
[Board "3"]
[White "Reschun, Sascha"]
[Black "Schachinger, Mario"]
[Result "1-0"]
[WhiteElo "2234"]
[BlackElo "2277"]
[PlyCount "67"]
[EventDate "2006.10.28"]
[EventType "team"]
[EventRounds "11"]
[EventCountry "AUT"]
[WhiteTeam "Maria Saal"]
[BlackTeam "ZH Technologies Wolfsberg"]

1.e4 e5 2.Nf3 Nc6 3.d4 exd4 4.Nxd4 Bc5 5.Be3 Qf6 6.c3 Qg6 7.Nd2 Nf6 8.Be2 Nxd4
9.cxd4 Bb4 10.e5 Nd5 11.O-O d6 12.Nc4 b5 13.Na3 a6 14.Bh5 Qf5 15.Nc2 O-O 16.Bf3
Be6 17.Bxd5 Bxd5 18.Nxb4 Bb7 19.f4 c5 20.dxc5 dxc5 21.Bxc5 Rfd8 22.Bd6 Rac8
23.Rf2 Rc4 24.Nd5 Qe6 25.Ne3 Re4 26.Nf1 Rc8 27.b3 Qg6 28.Rc1 Rd8 29.Rc7 Bc8
30.Qc2 Qg4 31.h3 Qe6 32.f5 Qe8 33.Re7 Qf8 34.Ra7

[Event "2 Bundesliga Mitte 2006/2007"]
[Site "St Veit"]
[Date "2007.01.26"]
[Round "5"]
[Board "4"]
[White "Reichmann, Egon"]
[Black "Lako, Laszlo"]
[Result "1/2-1/2"]
[WhiteElo "2336"]
[BlackElo "2179"]
[PlyCount "35"]
[EventDate "2006.10.28"]
[EventType "team"]
[EventRounds "11"]
[EventCountry "AUT"]
[WhiteTeam "ZH Technologies Wolfsberg"]
[BlackTeam "Maria Saal"]

1.e4 c6 2.Nc3 d5 3.d4 g6 4.h3 Bg7 5.Nf3 Nf6 6.e5 Ne4 7.Nxe4 dxe4 8.Ng5 c5 9.Bc4
O-O 10.c3 cxd4 11.cxd4 b5 12.Bb3 Bb7 13.Bc2 Nc6 14.Bxe4 Rb8 15.Nf3 Nxd4 16.Bxb7
Rxb7 17.Nxd4 Rd7 18.Qe2

[Event "2 Bundesliga Mitte 2006/2007"]
[Site "St Veit"]
[Date "2007.01.26"]
[Round "5"]
[Board "5"]
[White "Steiner, Josef"]
[Black "Zechner, Gernot"]
[Result "1-0"]
[WhiteElo "2120"]
[BlackElo "2245"]
[PlyCount "67"]
[EventDate "2006.10.28"]
[EventType "team"]
[EventRounds "11"]
[EventCountry "AUT"]
[WhiteTeam "Maria Saal"]
[BlackTeam "ZH Technologies Wolfsberg"]

1.Nf3 Nf6 2.g3 d5 3.c4 c6 4.Bg2 Bf5 5.d4 e6 6.Nc3 Nbd7 7.Qb3 Qb6 8.c5 Qxb3
9.axb3 a6 10.b4 Rc8 11.h3 h5 12.Bf4 Ne4 13.g4 hxg4 14.hxg4 Rxh1+ 15.Bxh1 Bh7
16.Nd2 g5 17.Bxe4 dxe4 18.Bxg5 f5 19.Nc4 Kf7 20.O-O-O fxg4 21.Nd2 b6 22.Ncxe4 a5
23.Be3 Bxe4 24.Nxe4 axb4 25.Rh1 Kg6 26.Rh4 bxc5 27.Rxg4+ Kf7 28.dxc5 Ra8 29.Ng5+
Kg6 30.Nxe6+ Kf5 31.Nxf8 Kxg4 32.Nxd7 Kf5 33.Kc2 Ke6 34.Nb6

[Event "2 Bundesliga Mitte 2006/2007"]
[Site "St Veit"]
[Date "2007.01.26"]
[Round "5"]
[Board "6"]
[White "Waldmann, Gerald"]
[Black "Halvax, Georg"]
[Result "1/2-1/2"]
[WhiteElo "2153"]
[BlackElo "1969"]
[PlyCount "62"]
[EventDate "2006.10.28"]
[EventType "team"]
[EventRounds "11"]
[EventCountry "AUT"]
[WhiteTeam "ZH Technologies Wolfsberg"]
[BlackTeam "Maria Saal"]

1.b3 d5 2.Bb2 Nf6 3.g3 c5 4.Bg2 Nc6 5.Nf3 e6 6.O-O Bd6 7.c4 O-O 8.cxd5 Nxd5 9.d4
Nf6 10.dxc5 Bxc5 11.Qc2 Qe7 12.Nbd2 e5 13.e3 Bg4 14.Rac1 b6 15.Nc4 Nb4 16.Qb1 e4
17.Nfd2 Be2 18.Bxf6 Qxf6 19.Nxe4 Qe7 20.Nxc5 Qxc5 21.Rfe1 Bd3 22.Qb2 Rad8 23.Ne5
Qb5 24.a3 Nd5 25.Rcd1 Nf6 26.a4 Qa6 27.Nc6 Rd7 28.Ne5 Rdd8 29.Nc6 Rd7 30.Nb4 Qa5
31.Nc6 Qa6

[Event "2 Bundesliga Mitte 2006/2007"]
[Site "Graz"]
[Date "2007.01.26"]
[Round "5"]
[Board "1"]
[White "Schmidt, Peter"]
[Black "Zaja, Ivan"]
[Result "0-1"]
[WhiteElo "2395"]
[BlackElo "2445"]
[PlyCount "130"]
[EventDate "2006.10.28"]
[EventType "team"]
[EventRounds "11"]
[EventCountry "AUT"]
[WhiteTeam "Sauwald"]
[BlackTeam "SG Alpine Raika Trofaiach Niklasdorf"]

1.d4 Nf6 2.Nf3 e6 3.g3 b6 4.Bg2 Bb7 5.O-O Be7 6.c4 O-O 7.Nc3 Ne4 8.Nxe4 Bxe4
9.Ne1 Bxg2 10.Nxg2 d5 11.Qa4 Qe8 12.Qxe8 Rxe8 13.cxd5 exd5 14.Rd1 c6 15.Be3 h6
16.Rac1 g5 17.g4 Bd6 18.h4 f6 19.Rd3 a5 20.f4 Ra7 21.Kf2 Rf7 22.Kf3 f5 23.hxg5
fxg4+ 24.Kxg4 hxg5 25.Rg1 gxf4 26.Bd2 Rg7+ 27.Kf3 Nd7 28.Kf2 Re4 29.Rf3 Rxd4
30.Bc3 Bc5 31.Bxd4 Bxd4+ 32.e3 fxe3+ 33.Nxe3 Rxg1 34.Kxg1 Bxb2 35.Nf5 Bf6 36.Re3
Ne5 37.Kf1 Kf7 38.Nd6+ Ke6 39.Ne8 b5 40.Ke2 a4 41.Rh3 Bg5 42.Rh5 Nf7 43.Kd3 Kd7
44.Ng7 Kd6 45.Nf5+ Kc5 46.Kc2 Bf6 47.Kd3 Ne5+ 48.Kc2 Nc4 49.Rh6 Bg5 50.Re6 b4
51.Kd3 Bf4 52.Re7 b3 53.axb3 axb3 54.Rb7 b2 55.Kc2 Bc1 56.Rb3 Nd2 57.Rxb2 Bxb2
58.Kxd2 Kc4 59.Ne3+ Kd4 60.Nf5+ Ke5 61.Ne7 c5 62.Kc2 Bd4 63.Nc6+ Ke4 64.Ne7 c4
65.Kd2 Bc5

[Event "2 Bundesliga Mitte 2006/2007"]
[Site "Graz"]
[Date "2007.01.26"]
[Round "5"]
[Board "2"]
[White "Bukal, Vladimir Jun"]
[Black "Taggatz, Mario"]
[Result "1/2-1/2"]
[WhiteElo "2407"]
[BlackElo "2283"]
[PlyCount "75"]
[EventDate "2006.10.28"]
[EventType "team"]
[EventRounds "11"]
[EventCountry "AUT"]
[WhiteTeam "SG Alpine Raika Trofaiach Niklasdorf"]
[BlackTeam "Sauwald"]

1.d4 d5 2.c4 dxc4 3.Nf3 Nf6 4.e3 e6 5.Bxc4 c5 6.O-O a6 7.Bb3 b5 8.a4 b4 9.Nbd2
Bb7 10.Re1 Be7 11.e4 cxd4 12.e5 Nfd7 13.Nc4 Nc5 14.h4 h6 15.a5 Nbd7 16.Nxd4 Nxb3
17.Nxb3 Bd5 18.Qg4 g6 19.Qd4 h5 20.Bd2 Kf8 21.Re3 Kg7 22.Nd6 Nxe5 23.Rxe5 Bf6
24.Bxb4 Bxb3 25.Bc3 Bxe5 26.Qxe5+ f6 27.Qc5 Bd5 28.Ra4 Rf8 29.Rb4 Rb8 30.Rb6
Rxb6 31.axb6 Qd7 32.Qc7 Rd8 33.Ne8+ Kf7 34.Nxf6 Qxc7 35.bxc7 Rc8 36.Be5 Rxc7
37.Bxc7 Kxf6 38.f3

[Event "2 Bundesliga Mitte 2006/2007"]
[Site "Graz"]
[Date "2007.01.26"]
[Round "5"]
[Board "3"]
[White "Testor, Sebastian"]
[Black "Stuhlik, Marko"]
[Result "1/2-1/2"]
[WhiteElo "2233"]
[BlackElo "2229"]
[PlyCount "40"]
[EventDate "2006.10.28"]
[EventType "team"]
[EventRounds "11"]
[EventCountry "AUT"]
[WhiteTeam "Sauwald"]
[BlackTeam "SG Alpine Raika Trofaiach Niklasdorf"]

1.d4 g6 2.c4 Bg7 3.Nc3 c5 4.d5 Bxc3+ 5.bxc3 f5 6.g3 Qa5 7.Qb3 d6 8.Qb5+ Qxb5
9.cxb5 Nf6 10.c4 a6 11.b6 Nbd7 12.Rb1 a5 13.e3 Ra6 14.Bd2 Ne4 15.Bd3 O-O 16.f3
Nxd2 17.Kxd2 Nxb6 18.Ne2 e5 19.Nc3 Rf7 20.f4 e4

[Event "2 Bundesliga Mitte 2006/2007"]
[Site "Graz"]
[Date "2007.01.26"]
[Round "5"]
[Board "4"]
[White "Mitter, Gerd"]
[Black "Hiermann, Dietmar"]
[Result "0-1"]
[WhiteElo "2194"]
[BlackElo "2260"]
[PlyCount "88"]
[EventDate "2006.10.28"]
[EventType "team"]
[EventRounds "11"]
[EventCountry "AUT"]
[WhiteTeam "SG Alpine Raika Trofaiach Niklasdorf"]
[BlackTeam "Sauwald"]

1.c4 e6 2.g3 d5 3.Bg2 c6 4.Nf3 Bd6 5.O-O Nd7 6.d4 Ngf6 7.Qc2 O-O 8.Nc3 dxc4 9.a4
Qe7 10.Bg5 h6 11.Bxf6 Nxf6 12.Ne4 Nxe4 13.Qxe4 Bd7 14.Nd2 e5 15.dxe5 Qxe5
16.Nxc4 Qxe4 17.Bxe4 Bb4 18.Rfd1 Be6 19.b3 Rfd8 20.Bc2 Kf8 21.Kg2 Ke7 22.h3 Rxd1
23.Rxd1 Rd8 24.Rxd8 Kxd8 25.f4 f6 26.Kf3 Kc7 27.Ne3 Bf8 28.Nc4 b5 29.axb5 cxb5
30.Nb2 Kb6 31.f5 Bf7 32.Ke4 a5 33.Kd4 Bd6 34.Nd3 Bxg3 35.e4 Kc6 36.e5 Bxe5+
37.Nxe5+ fxe5+ 38.Kxe5 Kc5 39.f6 gxf6+ 40.Kxf6 Bxb3 41.Bxb3 a4 42.Bf7 b4 43.Ke5
b3 44.Ke4 Kb4

[Event "2 Bundesliga Mitte 2006/2007"]
[Site "Graz"]
[Date "2007.01.26"]
[Round "5"]
[Board "5"]
[White "Kirschner, Alexander"]
[Black "Soelkner, Karl"]
[Result "1-0"]
[WhiteElo "2256"]
[BlackElo "2065"]
[PlyCount "105"]
[EventDate "2006.10.28"]
[EventType "team"]
[EventRounds "11"]
[EventCountry "AUT"]
[WhiteTeam "Sauwald"]
[BlackTeam "SG Alpine Raika Trofaiach Niklasdorf"]

1.c4 Nf6 2.Nc3 g6 3.g3 Bg7 4.Bg2 c6 5.Nf3 d5 6.cxd5 Nxd5 7.d4 O-O 8.O-O Nb6 9.h3
Na6 10.Be3 Be6 11.Qc1 f6 12.Rd1 Bf7 13.Bh6 e6 14.e4 Qc7 15.Bxg7 Kxg7 16.e5 f5
17.Qg5 Nb4 18.Rac1 Qd8 19.Qd2 Qe7 20.a3 N4d5 21.Ne2 Rfd8 22.b4 Be8 23.h4 a6
24.Ne1 Bf7 25.Nd3 Nd7 26.Rb1 N7b6 27.Rdc1 Rab8 28.Nc5 Nc7 29.Nb3 Ncd5 30.Na5 Be8
31.Rb3 Nc7 32.Rd3 Ncd5 33.Nf4 Nxf4 34.Qxf4 h6 35.Qd2 Bf7 36.Rc5 Be8 37.Nb3 Bf7
38.Rc1 Be8 39.Nc5 Bf7 40.Qb2 Kh7 41.a4 Be8 42.Rb3 Kg7 43.Bf1 Nd7 44.Bc4 Nf8
45.Ra1 Rbc8 46.Bf1 Rc7 47.b5 axb5 48.axb5 cxb5 49.Bxb5 b6 50.Na6 Rb7 51.Bxe8
Qxe8 52.Rxb6 Rxb6 53.Qxb6

[Event "2 Bundesliga Mitte 2006/2007"]
[Site "Graz"]
[Date "2007.01.26"]
[Round "5"]
[Board "1"]
[White "Haba, Petr"]
[Black "Flumbort, Andras"]
[Result "1/2-1/2"]
[WhiteElo "2514"]
[BlackElo "2510"]
[PlyCount "68"]
[EventDate "2006.10.28"]
[EventType "team"]
[EventRounds "11"]
[EventCountry "AUT"]
[WhiteTeam "SC Ansfelden"]
[BlackTeam "ASK St Valentin"]

1.d4 Nf6 2.c4 g6 3.Nc3 d5 4.cxd5 Nxd5 5.e4 Nxc3 6.bxc3 Bg7 7.Nf3 c5 8.Rb1 O-O
9.Be2 cxd4 10.cxd4 Qa5+ 11.Bd2 Qxa2 12.O-O b6 13.Qc1 Qe6 14.Bc4 Qxe4 15.Bxf7+
Rxf7 16.Qxc8+ Rf8 17.Qc4+ e6 18.Rb5 Qc6 19.Qb3 Nd7 20.Rc1 Qd6 21.Bb4 Qf4
22.Qxe6+ Qf7 23.Qc6 Rfd8 24.h3 Bh6 25.Bd2 Bxd2 26.Nxd2 Nf6 27.Nf3 Rf8 28.d5 Ne4
29.d6 Nc5 30.Rbxc5 bxc5 31.Qxc5 Qf5 32.Qc4+ Qf7 33.Qc5 Qf5 34.Qc4+ Qf7

[Event "2 Bundesliga Mitte 2006/2007"]
[Site "Graz"]
[Date "2007.01.26"]
[Round "5"]
[Board "2"]
[White "Sandhoefner, Florian"]
[Black "Knoll, Hermann"]
[Result "0-1"]
[WhiteElo "2271"]
[BlackElo "2373"]
[PlyCount "74"]
[EventDate "2006.10.28"]
[EventType "team"]
[EventRounds "11"]
[EventCountry "AUT"]
[WhiteTeam "ASK St Valentin"]
[BlackTeam "SC Ansfelden"]

1.e4 e5 2.Nf3 Nc6 3.Bc4 h6 4.d4 exd4 5.Nxd4 d6 6.Nc3 Nf6 7.f3 Be7 8.Be3 Ne5
9.Bb3 Bd7 10.f4 Ng6 11.Qd3 Ng4 12.Bd2 O-O 13.h3 Nf6 14.g4 c5 15.Nf5 b5 16.Bd5 b4
17.Bxa8 bxc3 18.Bxc3 Bxf5 19.gxf5 Nxf4 20.Qf3 Qxa8 21.Qxf4 Nxe4 22.O-O Bg5
23.Qg4 h5 24.Qxh5 Be3+ 25.Kh2 d5 26.Qf3 d4 27.Rae1 Qb8+ 28.Kg2 Ng5 29.Qg4 Qb7+
30.Kh2 Re8 31.Ba5 Qxb2 32.Rxe3 Qxc2+ 33.Kg1 Rxe3 34.Qxg5 Rxh3 35.Qd2 Qe4 36.Qg2
Qe3+ 37.Qf2 Qg5+

[Event "2 Bundesliga Mitte 2006/2007"]
[Site "Graz"]
[Date "2007.01.26"]
[Round "5"]
[Board "4"]
[White "Heimberger, Reinhard"]
[Black "Rumpl, Erwin"]
[Result "1-0"]
[WhiteElo "2294"]
[BlackElo "2288"]
[PlyCount "77"]
[EventDate "2006.10.28"]
[EventType "team"]
[EventRounds "11"]
[EventCountry "AUT"]
[WhiteTeam "ASK St Valentin"]
[BlackTeam "SC Ansfelden"]

1.d4 g6 2.g3 Bg7 3.Bg2 c5 4.dxc5 Na6 5.e4 Nxc5 6.Ne2 d6 7.O-O Nf6 8.Nbc3 O-O
9.h3 Rb8 10.Nd4 a6 11.Be3 e5 12.Nb3 Nxb3 13.axb3 b5 14.b4 Bb7 15.Qd2 Qc7 16.Rfd1
Rfd8 17.Bg5 Rbc8 18.Qe3 Qc4 19.Qf3 Qe6 20.Nd5 Bxd5 21.exd5 e4 22.dxe6 exf3
23.Bxf3 fxe6 24.c3 h6 25.Bxf6 Bxf6 26.Rxa6 d5 27.Bg4 Ra8 28.Bxe6+ Kg7 29.Rxa8
Rxa8 30.Rxd5 Ra1+ 31.Kg2 Re1 32.Rd7+ Kh8 33.Bg4 h5 34.Rd1 Re7 35.Bf3 Ra7 36.Bc6
Ra2 37.Rd2 Kg7 38.Bxb5 Kh6 39.Rc2

[Event "2 Bundesliga Mitte 2006/2007"]
[Site "Graz"]
[Date "2007.01.26"]
[Round "5"]
[Board "6"]
[White "Trauner, Rudolf"]
[Black "Dumancic, Pero"]
[Result "1-0"]
[WhiteElo "2233"]
[BlackElo "2185"]
[PlyCount "139"]
[EventDate "2006.10.28"]
[EventType "team"]
[EventRounds "11"]
[EventCountry "AUT"]
[WhiteTeam "ASK St Valentin"]
[BlackTeam "SC Ansfelden"]

1.c4 e5 2.Nc3 Bb4 3.Qc2 Nc6 4.Nf3 Nf6 5.a3 Bxc3 6.Qxc3 d6 7.g3 O-O 8.Bg2 Ne4
9.Qc2 f5 10.O-O Nc5 11.b4 Ne6 12.d3 Ncd4 13.Nxd4 Nxd4 14.Qd1 f4 15.Bd5+ Kh8
16.e3 fxe3 17.fxe3 Rxf1+ 18.Qxf1 Nb3 19.Rb1 Nxc1 20.Rxc1 c6 21.Be4 Be6 22.Bf5
Bg8 23.Qf3 Qg5 24.h4 Qh6 25.Rf1 Rf8 26.Qe4 g5 27.Bh3 Rxf1+ 28.Kxf1 gxh4 29.Qxh4
Qf8+ 30.Ke2 d5 31.Qg5 Qg7 32.Qxg7+ Kxg7 33.c5 Kf6 34.Bc8 b6 35.Bd7 Be6 36.Bxc6
Bg4+ 37.Kf2 bxc5 38.Bxd5 cxb4 39.axb4 h6 40.d4 Bd1 41.Ke1 Ba4 42.Ke2 Kf5 43.Kf3
Bd1+ 44.Kf2 Ba4 45.Bf3 Bb5 46.Bb7 Ba4 47.Kg2 Bd1 48.Bc6 Be2 49.Kh3 Ke6 50.Kh4
Kd6 51.Be4 exd4 52.exd4 Kc7 53.Bf5 Kc6 54.Bg4 Bd3 55.Bf3+ Kb5 56.d5 Bg6 57.Bh5
Be4 58.Be8+ Kb6 59.d6 Bf3 60.g4 Kb7 61.Bd7 Kb6 62.Kh5 a5 63.bxa5+ Kc5 64.Kxh6
Kxd6 65.Bf5 Kc5 66.g5 Bd5 67.Bd3 Kb4 68.a6 Ka5 69.g6 Kb6 70.Kh7

[Event "2 Bundesliga Mitte 2006/2007"]
[Site "Ansfelden"]
[Date "2007.01.27"]
[Round "6"]
[Board "1"]
[White "Horvath, Tamas"]
[Black "Shengelia, Davit"]
[Result "1/2-1/2"]
[WhiteElo "2427"]
[BlackElo "2490"]
[PlyCount "131"]
[EventDate "2006.10.28"]
[EventType "team"]
[EventRounds "11"]
[EventCountry "AUT"]
[WhiteTeam "SC Gleisdorf"]
[BlackTeam "Union Styria Kleine Zeitung Graz 2"]

1.e4 c5 2.Nf3 d6 3.d4 cxd4 4.Nxd4 Nf6 5.Nc3 a6 6.Bc4 e6 7.Bg5 Be7 8.Qf3 Qa5
9.Bxf6 Bxf6 10.Nde2 Nd7 11.Bb3 Nc5 12.O-O Bd7 13.Rad1 Qc7 14.a3 Qb6 15.Qe3 O-O-O
16.Rb1 Bc6 17.Ba2 Kc7 18.Qf3 Bxc3 19.Nxc3 f5 20.Qe3 Nxe4 21.Nxe4 Bxe4 22.Bxe6
Qxe3 23.fxe3 g6 24.Bb3 d5 25.Rbd1 b5 26.Rd4 Kc6 27.Rfd1 Rd6 28.c4 bxc4 29.Bxc4
a5 30.Bb3 Rb8 31.Ba4+ Kc7 32.b4 axb4 33.axb4 g5 34.Bb3 Kc6 35.Ba4+ Kb6 36.Bb3
Rbd8 37.Ra1 f4 38.exf4 gxf4 39.Re1 Kc7 40.Rc1+ Kd7 41.Rf1 Rf8 42.Rfd1 Rf5
43.R1d2 f3 44.g3 f2+ 45.Rxf2 Rxf2 46.Kxf2 Rf6+ 47.Ke2 Kd6 48.Rd2 Ke5 49.Bc2 Bf3+
50.Ke3 Bh5 51.Bd1 Be8 52.Bb3 Bc6 53.Bd1 Rf1 54.Kd3 Bb5+ 55.Kc3 Re1 56.Bc2 Re3+
57.Bd3 h6 58.Kc2 Ba4+ 59.Kb2 d4 60.b5 Kd5 61.b6 Bc6 62.Kc2 Re6 63.Rf2 Ba4+
64.Kd2 Rxb6 65.Rf5+ Kd6 66.Rf6+

[Event "2 Bundesliga Mitte 2006/2007"]
[Site "Ansfelden"]
[Date "2007.01.27"]
[Round "6"]
[Board "2"]
[White "Stohl, Igor"]
[Black "Meszaros, Tamas"]
[Result "1/2-1/2"]
[WhiteElo "2558"]
[BlackElo "2352"]
[PlyCount "62"]
[EventDate "2006.10.28"]
[EventType "team"]
[EventRounds "11"]
[EventCountry "AUT"]
[WhiteTeam "Union Styria Kleine Zeitung Graz 2"]
[BlackTeam "SC Gleisdorf"]

1.d4 Nf6 2.c4 e6 3.Nc3 Bb4 4.Qc2 c5 5.dxc5 Qc7 6.Nf3 Bxc5 7.g3 a6 8.Bf4 d6 9.Bg2
h6 10.O-O Nc6 11.Rad1 e5 12.Bc1 Be6 13.b3 O-O 14.e3 Rab8 15.Nd2 Nb4 16.Qb1 b5
17.cxb5 axb5 18.Nde4 Nxe4 19.Nxe4 f5 20.Nxc5 dxc5 21.Bb2 e4 22.f3 exf3 23.Bxf3
c4 24.Ba3 Qa5 25.Bxb4 Qxb4 26.Bd5 Qe7 27.bxc4 bxc4 28.Qc1 Bxd5 29.Rxd5 Qe6
30.Qxc4 Qxe3+ 31.Kh1 Qe4+

[Event "2 Bundesliga Mitte 2006/2007"]
[Site "Ansfelden"]
[Date "2007.01.27"]
[Round "6"]
[Board "3"]
[White "Sandhu, Mario"]
[Black "Nanu, Ciprian Costica"]
[Result "1/2-1/2"]
[WhiteElo "2288"]
[BlackElo "2457"]
[PlyCount "105"]
[EventDate "2006.10.28"]
[EventType "team"]
[EventRounds "11"]
[EventCountry "AUT"]
[WhiteTeam "SC Gleisdorf"]
[BlackTeam "Union Styria Kleine Zeitung Graz 2"]

1.e4 d5 2.Nc3 dxe4 3.Nxe4 Bf5 4.Ng3 Bg6 5.Nf3 Nd7 6.h4 h6 7.h5 Bh7 8.Bc4 Ngf6
9.d3 e6 10.Qe2 Bb4+ 11.Bd2 Qe7 12.O-O-O a5 13.Ne5 Nxe5 14.Bxb4 axb4 15.Qxe5 c6
16.f4 b5 17.Bb3 O-O 18.Rde1 Nd7 19.Qe3 Qd6 20.Rhf1 Nc5 21.Qe5 Nxb3+ 22.axb3 Qd7
23.Ne4 Bxe4 24.Qxe4 c5 25.g4 Rfc8 26.Kd2 c4 27.Ra1 Rxa1 28.Rxa1 f5 29.Qg2 cxd3
30.cxd3 Qc7 31.Ke3 fxg4 32.Qxg4 Qc5+ 33.d4 Qd5 34.Ra7 Qxb3+ 35.Ke4 Qd5+ 36.Ke3
g5 37.hxg6 h5 38.Qg5 Qxg5 39.fxg5 Rc2 40.Rh7 Rxb2 41.Rxh5 b3 42.Rh7 Rg2 43.Rb7
Rxg5 44.Kd3 Rd5 45.Kc3 b2 46.Kxb2 Rxd4 47.Re7 Re4 48.Kc3 b4+ 49.Kd3 Re1 50.Kc4
Re4+ 51.Kd3 Rg4 52.Rxe6 Kg7 53.Rb6

[Event "2 Bundesliga Mitte 2006/2007"]
[Site "Ansfelden"]
[Date "2007.01.27"]
[Round "6"]
[Board "4"]
[White "Wittmann, Walter"]
[Black "Frosch, Ronald"]
[Result "1/2-1/2"]
[WhiteElo "2361"]
[BlackElo "2264"]
[PlyCount "56"]
[EventDate "2006.10.28"]
[EventType "team"]
[EventRounds "11"]
[EventCountry "AUT"]
[WhiteTeam "Union Styria Kleine Zeitung Graz 2"]
[BlackTeam "SC Gleisdorf"]

1.e4 d6 2.d4 e5 3.Nf3 exd4 4.Nxd4 Nc6 5.Bb5 Bd7 6.Nc3 Nf6 7.O-O Nxd4 8.Bxd7+
Qxd7 9.Qxd4 Be7 10.Bg5 h6 11.Bh4 O-O 12.Rad1 Qe6 13.Bg3 Nh5 14.Nd5 Bd8 15.Rfe1
Nxg3 16.hxg3 Re8 17.c3 c6 18.Ne3 Qg6 19.Nf5 d5 20.Qd3 dxe4 21.Rxe4 Bg5 22.Qe2
Red8 23.Rxd8+ Rxd8 24.Re8+ Kh7 25.Rxd8 Bxd8 26.Qe4 Bc7 27.g4 Qe6 28.Qxe6 fxe6

[Event "2 Bundesliga Mitte 2006/2007"]
[Site "Ansfelden"]
[Date "2007.01.27"]
[Round "6"]
[Board "5"]
[White "Wanderer, Thomas"]
[Black "Hatzl, Stefan"]
[Result "1-0"]
[WhiteElo "2206"]
[BlackElo "2159"]
[PlyCount "73"]
[EventDate "2006.10.28"]
[EventType "team"]
[EventRounds "11"]
[EventCountry "AUT"]
[WhiteTeam "SC Gleisdorf"]
[BlackTeam "Union Styria Kleine Zeitung Graz 2"]

1.e4 e6 2.d3 c5 3.g3 Nc6 4.Bg2 g6 5.Nc3 Bg7 6.Be3 d6 7.Qd2 Rb8 8.Nf3 Nd4 9.Bxd4
cxd4 10.Nb5 e5 11.Qb4 Bf8 12.Qc4 Be6 13.Nc7+ Ke7 14.Nxe6 fxe6 15.Bh3 Qc8 16.Bxe6
Qxc4 17.Bxc4 Bh6 18.h4 Nf6 19.a4 Rhf8 20.Ke2 Rbc8 21.Bb3 Ng4 22.Raf1 Rc6 23.Ng5
Nf6 24.Nf3 Rfc8 25.Kd1 Rb6 26.Nd2 Ng4 27.h5 gxh5 28.Rxh5 Rf8 29.Nc4 Rc6 30.Ke2
Rf6 31.f3 Ne3 32.Nxe3 dxe3 33.Rfh1 Bg7 34.Rxh7 Rg6 35.g4 Kf6 36.Kxe3 Rc7 37.R1h5

[Event "2 Bundesliga Mitte 2006/2007"]
[Site "Ansfelden"]
[Date "2007.01.27"]
[Round "6"]
[Board "6"]
[White "Manhardt, Thomas"]
[Black "Perhinig, Robert"]
[Result "1/2-1/2"]
[WhiteElo "2163"]
[BlackElo "2213"]
[PlyCount "32"]
[EventDate "2006.10.28"]
[EventType "team"]
[EventRounds "11"]
[EventCountry "AUT"]
[WhiteTeam "Union Styria Kleine Zeitung Graz 2"]
[BlackTeam "SC Gleisdorf"]

1.e4 e6 2.c4 c5 3.Nc3 Nc6 4.Nf3 Nf6 5.d4 cxd4 6.Nxd4 Bb4 7.Nxc6 dxc6 8.Qxd8+
Kxd8 9.Bd2 e5 10.Rd1 Be6 11.a3 Bd6 12.Be3 Ke7 13.b4 Nd7 14.Be2 f5 15.exf5 Bxf5
16.O-O Nf6

[Event "2 Bundesliga Mitte 2006/2007"]
[Site "Ansfelden"]
[Date "2007.01.27"]
[Round "6"]
[Board "1"]
[White "Mohr, Georg"]
[Black "Horvath, Adam"]
[Result "1/2-1/2"]
[WhiteElo "2478"]
[BlackElo "2495"]
[PlyCount "87"]
[EventDate "2006.10.28"]
[EventType "team"]
[EventRounds "11"]
[EventCountry "AUT"]
[WhiteTeam "Strassenbahn Graz"]
[BlackTeam "Austria Graz"]

1.c4 Nf6 2.Nf3 e6 3.Nc3 d5 4.d4 dxc4 5.e3 a6 6.a4 c5 7.Bxc4 Nc6 8.O-O Be7 9.Qe2
Qc7 10.Rd1 O-O 11.d5 exd5 12.Nxd5 Nxd5 13.Bxd5 Nb4 14.Bc4 Bf6 15.Ne1 Bf5 16.e4
Rfe8 17.f3 Be6 18.Bxe6 Rxe6 19.Be3 c4 20.a5 Qc6 21.Rac1 Rc8 22.Qd2 Qb5 23.Nc2
Nxc2 24.Rxc2 h6 25.Bb6 Qb3 26.Kh1 Rd6 27.Qxd6 Qxc2 28.Qd7 Rc6 29.Bg1 Qxb2
30.Qe8+ Kh7 31.Qxf7 Qe2 32.Qd5 c3 33.Qf5+ Kh8 34.Rd7 Qb5 35.Rd5 c2 36.Rxb5 axb5
37.e5 Be7 38.Qd7 c1=Q 39.Qxe7 Qb1 40.Qxb7 Rc1 41.Qb6 b4 42.a6 b3 43.a7 Qa1
44.Qd8+

[Event "2 Bundesliga Mitte 2006/2007"]
[Site "Ansfelden"]
[Date "2007.01.27"]
[Round "6"]
[Board "2"]
[White "Sakelsek, Tadej"]
[Black "Horvath, Gyula"]
[Result "1-0"]
[WhiteElo "2432"]
[BlackElo "2431"]
[PlyCount "101"]
[EventDate "2006.10.28"]
[EventType "team"]
[EventRounds "11"]
[EventCountry "AUT"]
[WhiteTeam "Austria Graz"]
[BlackTeam "Strassenbahn Graz"]

1.e4 c5 2.Nf3 e6 3.d4 cxd4 4.Nxd4 a6 5.Bd3 Nc6 6.Nxc6 dxc6 7.O-O e5 8.Nd2 Bd6
9.a4 Ne7 10.Nc4 Bc7 11.a5 Be6 12.Qe1 O-O 13.Qb4 Rb8 14.Be3 Nc8 15.Bc5 Re8
16.Rfd1 Qg5 17.Bf1 Qg6 18.Nb6 Nxb6 19.axb6 Bd8 20.Bd6 Ra8 21.f3 Qg5 22.Qc5 f6
23.Bc7 Be7 24.Qc3 Rac8 25.Bc4 Bxc4 26.Qxc4+ Kh8 27.Rd3 h6 28.Rad1 Kh7 29.g3 Bf8
30.Kg2 Qg6 31.Rd7 Re7 32.R7d3 Rce8 33.Bd8 Rf7 34.Rd7 Rxd7 35.Rxd7 Kh8 36.Qd3 Re6
37.Bc7 Kh7 38.Bb8 Re7 39.Rxe7 Bxe7 40.Qd7 Bc5 41.Qxb7 Qg5 42.f4 Qg4 43.Qxa6 exf4
44.Bxf4 Qd1 45.b7 Qxc2+ 46.Kh3 Bg1 47.g4 h5 48.b8=Q hxg4+ 49.Kxg4 Qd1+ 50.Kh3
Bd4 51.Bg3

[Event "2 Bundesliga Mitte 2006/2007"]
[Site "Ansfelden"]
[Date "2007.01.27"]
[Round "6"]
[Board "3"]
[White "Butunoi, Alexandru"]
[Black "Fahrner, Kurt"]
[Result "1-0"]
[WhiteElo "2404"]
[BlackElo "2346"]
[PlyCount "85"]
[EventDate "2006.10.28"]
[EventType "team"]
[EventRounds "11"]
[EventCountry "AUT"]
[WhiteTeam "Strassenbahn Graz"]
[BlackTeam "Austria Graz"]

1.e4 Nf6 2.e5 Nd5 3.d4 d6 4.Nf3 Bg4 5.Be2 c6 6.h3 Bxf3 7.Bxf3 dxe5 8.dxe5 e6
9.O-O Nd7 10.Re1 Qc7 11.Nd2 Nxe5 12.Bxd5 cxd5 13.f4 Nc6 14.f5 e5 15.c4 dxc4
16.Nxc4 Bc5+ 17.Kh1 f6 18.Be3 Bxe3 19.Qh5+ Kf8 20.Nxe3 Qf7 21.Qh4 h6 22.Rac1 Kg8
23.Rc4 Kh7 24.Rg4 Rhd8 25.Rg6 Ne7 26.Rg4 Rd3 27.Rc4 Rxe3 28.Rxe3 Nxf5 29.Qe4 Qg6
30.Rf3 b5 31.Qxa8 bxc4 32.Kh2 Nd4 33.Rg3 Qc2 34.Qxa7 Nf5 35.Rf3 Nd4 36.Rxf6 e4
37.Rf7 Nf3+ 38.Kg3 Qxb2 39.gxf3 Qe5+ 40.Kf2 Qb2+ 41.Ke3 exf3 42.Rxg7+ Kh8
43.Rh7+